Statistics for Top 3 Homeruns per Year since 2010

Click here to take the quiz!

General Stats

  • This quiz has been taken 48 times
  • The average score is 24 of 42

Answer Stats

HintHR'sTeamAnswer% Correct
201752YankeesAaron Judge
100%
202146AngelsShohei Ohtani
92%
202148Blue JaysVladimir Guerrero
92%
201759MarlinsGiancarlo Stanton
90%
201437MarlinsGiancarlo Stanton
90%
201353O'sChris Davis
82%
201547O'sChris Davis
82%
42A'sKhris Davis
82%
201848A'sKhris Davis
82%
201953MetsPete Alonso
82%
202148RoyalsSalvador Perez
82%
201244TigersMiguel Cabrera
74%
201344TigersMiguel Cabrera
74%
42NationalsBryce Harper
72%
202019WhitesoxJose Abreu
72%
202022YankeesLuke Voit
69%
201143Blue JaysJose Bautista
64%
201054Blue JaysJose Bautista
64%
201745DiamondbacksJ.D. Martinez
62%
201843RedsoxJ.D. Martinez
62%
201440OriolesNelson Cruz
59%
201544MarinersNelson Cruz
59%
201643MarinersNelson Cruz
59%
201336DiamondbacksPaul Goldschmidt
59%
201042CardinalsAlbert Pujols
56%
201948RoyalsJorge Soler
56%
201542RockiesNolan Arenado
51%
201949RedsEugenio Suarez
49%
201840RangersJoey Gallo
44%
36MarinersEdwin Encarnacion
41%
42Blue JaysEdwin Encarnacion
41%
201243RangersJosh Hamilton
41%
202018BravesMarcell Ozuna
41%
201647OriolesMark Trumbo
41%
39YankeesMark Teixeira
33%
201139DodgersMatt Kemp
33%
201039WhitesoxPaul Konerko
31%
201243YankeesCurtis Granderson
18%
201141YankeesCurtis Granderson
18%
201642TwinsBrian Dozier
13%
201437AstrosChris Carter
10%
36PiratesPedro Alvarez
10%

Score Distribution

Percentile by Number Answered

Percent of People with Each Score

Your Score History

You have not taken this quiz